Garduña / (Record no. 174408)

MARC details
000 -LEADER
campo de control de longitud fija 00540nam a2200169 4500
001 - NÚMERO DE CONTROL
campo de control 174408
003 - IDENTIFICADOR DE NÚMERO DE CONTROL
campo de control ES-MaACL
005 - FECHA Y HORA DE LA ÚLTIMA TRANSACCIÓN
campo de control 20250716063336.0
008 - DATOS DE LONGITUD FIJA--INFORMACIÓN GENERAL
campo de control de longitud fija 100415s1973 sp |||| | spa d
080 ## - NÚMERO DE LA CLASIFICACIÓN DECIMAL UNIVERSAL
Número de la Clasificación Decimal Universal 821.134.2(729.5)-31"19"
100 1# - ENTRADA PRINCIPAL--NOMBRE DE PERSONA
Nombre de persona Zeno Gandía, Manuel,
Fechas asociadas al nombre 1855-1930
9 (RLIN) 118184
245 10 - MENCIÓN DEL TÍTULO
Título Garduña /
Mención de responsabilidad, etc. M. Zeno Gandía.
260 ## - PUBLICACIÓN, DISTRIBUCIÓN, ETC.
Lugar de publicación, distribución, etc. Río Piedras, Puerto Rico :
Nombre del editor, distribuidor, etc. Edil,
Fecha de publicación, distribución, etc. 1973 (
Lugar de fabricación/manufactura Barcelona)
300 ## - DESCRIPCIÓN FÍSICA
Extensión 163 p. ;
Dimensiones 19 cm.
852 4# - LOCALIZACIÓN
Ubicación BA
Número de control de estantería C-57168
Nota libre . - Donativo Ateneo Puertorriqueño
Holdings
Estatus retirado Estado de pérdida Estado de daño No para préstamo Biblioteca de origen Biblioteca actual Ubicación en estantería Fecha de adquisición Fuente de adquisición Total de préstamos Signatura topográfica completa Código de barras Visto por última vez Precio de reemplazo Tipo de ítem Koha
        Biblioteca del Ateneo de Madrid Biblioteca del Ateneo de Madrid Depósito 2 15/04/2010     C-57168 1183064 23/02/2023 23/02/2023 Libro impreso